LEADER 01223cam0 2200277 450 001 E600200050795 005 20160224085557.0 100 $a20090626d2001 |||||ita|0103 ba 101 $aita 102 $aIT 200 1 $aDiritto generale e diritti particolari nell'esperienza storica$eatti del Congresso internazionale della Società italiana di Storia del diritto (Torino, 19-21 novembre 1998) 210 $aRoma$cFondazione Sergio Mochi Onory per la storia del diritto italiano$d2001 215 $a498 p.$d24 cm 225 2 $aBiblioteca della Rivista di storia del diritto italiano$v38 300 $a(mm) 410 1$1001LAEC00026939$12001 $a*Biblioteca della Rivista di storia del diritto italiano$v38 710 02$a*Società Italiana di Storia del Diritto$3A600200055424$4070$0199939 801 0$aIT$bUNISOB$c20160224$gRICA 850 $aUNISOB 852 $aUNISOB$jFondo|Casavola$m144813 912 $aE600200050795 940 $aM 102 Monografia moderna SBN 941 $aM 957 $aFondo|Casavola$b000423$gSi$d144813$hCasavola$rdono$1menle$2UNISOB$3UNISOB$420090626094534.0$520160224085557.0$6petrellap 996 $aDiritto generale e diritti particolari nell'esperienza storica$91708064 997 $aUNISOB